000 00719nam a2200217 a 4500
001 BRCA_1831
005 20190320203552.0
008 000509s1964 mx-a---##b---f000-0#spa-#
040 _aDLC
_cDLC
050 4 _aNE546.P6
_b.C36 1964
100 1 _aCardoza y Aragón, Luis
_d1904-
_95690
245 1 0 _aJosé Guadalupe Posada
_cLuis Cardoza y Aragón.
260 _aMéxico
_bUNAM, Dirección General de Publicaciones
_c1964
300 _a41 p.
_bil. a color
_c24 cm.
440 0 _aColección de arte
_v15
_95691
504 _aBibliografía : p. 31-33
600 1 4 _aPosada, José Guadalupe
_d1852-1913
_xTemas, motivos
_95692
651 4 _aMéxico
_xArte
_95604
651 4 _aMexico
_xHistoria
_y1867-1910
_94778
942 _2lcc
_cB
999 _c1612
_d1612